000 02171cam a22004694i 4500
003 PE-LiUPU
005 20250731173042.0
008 171227s2016 xxua rb 001 0 eng d
020 _a9780664262495
035 _a(Sirsi) a240687
040 _aPE-LiUPU
_bspa
_cPE-LiUPU
_erda
049 _aPRUA
082 0 4 _a261.70973
_bJ67
_223
100 1 _aFea, John,
_eautor.
245 1 0 _aWas america founded as a christian nation? :
_ba historical introduction /
_cJohn Fea.
264 1 _aLouisville :
_brevised ;
_c2016.
300 _a292 páginas :
_bilustraciones ;
_c23 centímetros.
336 _atext
_2rdacontent
337 _aunmediated
_2rdamedia
338 _avolume
_2rdacarrier
504 _aBibliografía : páginas 253-280.
504 _aÍndice : páginas 281-292.
505 0 _aHow to think historically -- Evangelical america, 1789-1865 -- Evangelicals, liberals, and christian american, 1865-1925 -- Christian america in a modern age, 1925-1880 --History for the faithful: the contemporary defenders of christian america -- Were the british colonies christian societies? -- Christianity and the coming of the american revolution -- The revolutionary pulpit -- Nayure´s god: is the declaration of independence a christian document? -- Religion in the critical period -- A "godless" constitution? -- Did george washington pray at velley forge? -- John adams: devout unitarian -- Thomas Jefferson: follower of Jesus -- Benjamin Franklin: ambitious moralist -- What about witherspoon? three orthodox founders.
526 _aSEG42
526 _aSEG41
526 _aSEG40
526 _aSEG39
526 _aP94
526 _aP87
526 _aP86
526 _aP85
526 _aP77
526 _aP76
526 _aP35
650 0 4 _aChristian nation.
650 0 4 _aNación cristiana.
910 _adbm
_bksl
_cksl
_d20171227
596 _a1
942 _2ddc
_cBOOK
999 _a261.70973 J67
_wLC
_c26368
_i77734
_f2021-11-10
_g4
_lCCODEBUL1
_mBUL
_p24.00
_r0
_sY
_tBOOK
_u2017-12-26
_xTEOLOGIA
_PP85
_0DONACION
_o.STAFF. Colección Teología
_d26368
980 _81
_gALBERTO SANCHEZ Responsable de Automatización